| 000 | 00866nam a22002655i 4500 | ||
|---|---|---|---|
| 001 | 176461 | ||
| 003 | ES-MaACL | ||
| 005 | 20250829131837.0 | ||
| 008 | 110117s1967 sp |||| | spa d | ||
| 080 | _a2:37 | ||
| 080 | _a27-36 | ||
| 100 | 1 |
_aPoix, Maurice. _9144786 |
|
| 245 | 1 | 0 |
_aSan Pedro / _cpor Maurice Poix. |
| 260 |
_aMadrid : _bApostolado de la prensa, _cimp. 1967. |
||
| 300 |
_a20 p. ; _c23 cm. |
||
| 490 | 1 |
_aCuadernos de pedagogía religiosa. Escritura ; _v18 |
|
| 500 | _aPrecede al tít. : Los héroes de la Biblia. | ||
| 600 | 0 | 7 |
_aPedro, _cSanto _2 _9162517 |
| 650 | 4 |
_aReligión- _xEnseñanza. _9144779 |
|
| 710 | 0 |
_aApostolado de la Prensa. _91403 |
|
| 830 | 0 | 0 |
_aCuadernos de pedagogía religiosa _v18 _9190056 |
| 852 |
_aES-MaACL _jE-14073 (18) _xOlim P-1242 |
||
| 852 |
_aES-MaACL _jC-37117(18) |
||
| 999 |
_c176461 _d176461 |
||